Statystyki dla Wszystkie utwory z albumu Sentino - ,,Fenix"

Kliknij tutaj aby rozwiązać quiz!

Ogólne statystyki

  • Ten quiz został rozwiązany 5 razy
  • Średni wynik to 10 z 11

Statystyki odpowiedzi

Nr.Nazwa% Poprawnych
6.6AM
100%
9.9.2 Moc
100%
1.Architekt Zbrodni
100%
2.Fenix
100%
4.Givenchy
100%
11.Halo Policja
100%
10.Lustro
80%
7.Rey de Los Cielos
80%
3.Sauce
80%
5.Uzi
80%
8.Oko
60%

Rozkład punktacji

Percentyl według liczby udzielonych odpowiedzi

Procent ludzi z każdym wynikiem

Twoja historia wyników

Nie rozwiązałeś tego quizu